RCD Mallorca Squad 2023-2024 - Statistics

General Stats
  • This quiz has been taken 123 times
    64 since last reset
  • The average score is 19 of 26
Answer Stats
# Position Nation Player % Correct
7 FW Kosovo Vedat Muriqi
97%
1 GK Serbia Predrag Rajković
91%
- Coach Mexico Javier Aguirre
88%
15 DF Argentina Pablo Maffeo
88%
21 DF Spain Antonio Raíllo
84%
17 FW Canada Cyle Larin
84%
14 MF Spain Dani Rodríguez
81%
13 GK Slovakia Dominik Greif
81%
12 MF Portugal Samú Costa
81%
10 MF Spain Sergi Darder
81%
11 DF Spain Jaume Costa
78%
6 DF Spain José Copete
78%
18 MF Spain Antonio Sánchez
75%
24 DF Slovakia Martin Valjent
75%
9 FW Spain Abdón Prats
72%
8 MF Spain Manu Morlanes
72%
2 DF Serbia Matija Nastasić
69%
23 FW Senegal Amath Ndiaye
66%
20 DF Uruguay Giovanni González
66%
4 DF Belgium Siebe Van der Heyden
66%
5 MF Equatorial Guinea Omar Mascarell
63%
3 DF Spain Toni Lato
59%
19 FW Spain Javi Llabrés
53%
25 GK Spain Iván Cuéllar
47%
22 DF Spain Nacho Vidal
47%
23 FW Serbia Nemanja Radonjić
47%
No matching quizzes found
Score Distribution
Percent of People with Each Score
Percentile by Number Answered
Your Score History
You have not taken this quiz since the last reset